Comparison on seedling and seeding number per hill of car 11 variety in the rainy season at the royal university of agriculture ប្រៀបធៀបចំនួនសំណាបក្នុងមួយគុម្ព និងចន្លោះគុម្ពពូជស្រូវខា ១១ ក្នុងលក្ខខណ្ឌរដូវវស្សានៅសាកលវិទ្យាល័យភូមិន្ទកសិកមុ្ម (Record no. 833)
[ view plain ]
| 000 -LEADER | |
|---|---|
| fixed length control field | 00820nam a22001577a 4500 |
| 003 - CONTROL NUMBER IDENTIFIER | |
| control field | OSt |
| 005 - DATE AND TIME OF LATEST TRANSACTION | |
| control field | 20150919140904.0 |
| 008 - FIXED-LENGTH DATA ELEMENTS--GENERAL INFORMATION | |
| fixed length control field | 150919b xxu||||| |||| 00| 0 eng d |
| 040 ## - CATALOGING SOURCE | |
| Transcribing agency | RUA |
| 082 ## - DEWEY DECIMAL CLASSIFICATION NUMBER | |
| Classification number | AGR KON 2008 B036 Or.1 |
| 100 ## - MAIN ENTRY--PERSONAL NAME | |
| 9 (RLIN) | 865 |
| Personal name | KON, KOMPHEAK. |
| 245 ## - TITLE STATEMENT | |
| Title | Comparison on seedling and seeding number per hill of car 11 variety in the rainy season at the royal university of agriculture ប្រៀបធៀបចំនួនសំណាបក្នុងមួយគុម្ព និងចន្លោះគុម្ពពូជស្រូវខា ១១ ក្នុងលក្ខខណ្ឌរដូវវស្សានៅសាកលវិទ្យាល័យភូមិន្ទកសិកមុ្ម |
| 260 ## - PUBLICATION, DISTRIBUTION, ETC. (IMPRINT) | |
| Place of publication, distribution, etc. | Phnom Penh |
| Name of publisher, distributor, etc. | RUA |
| Date of publication, distribution, etc. | 2008 |
| 300 ## - PHYSICAL DESCRIPTION | |
| Extent | xi; 44p. |
| Other physical details | ill. |
| Dimensions | 29cm. |
| 942 ## - ADDED ENTRY ELEMENTS (KOHA) | |
| Source of classification or shelving scheme | |
| Koha item type | AGR |
| Price effective from | Date last seen | Permanent Location | Not for loan | Date acquired | Source of classification or shelving scheme | Koha item type | Lost status | Withdrawn status | Date last checked out | Total Checkouts | Shelving location | Damaged status | Barcode | Current Location | Full call number |
|---|---|---|---|---|---|---|---|---|---|---|---|---|---|---|---|
| 2015-09-19 | 2015-09-19 | Library Block B | 2015-09-19 | AGR | B036 | RUA002388 | Library Block B | AGR KON 2008 B036 Or.1 | |||||||
| 2015-09-19 | 2015-09-19 | Library Block B | 2015-09-19 | AGR | B036 | RUA002242 | Library Block B | AGR KON 2008 B036 Or.2 | |||||||
| 2015-09-19 | 2015-09-19 | Library Block B | 2015-09-19 | AGR | B036 | RUA002458 | Library Block B | AGR KON 2008 B036 Or.3 | |||||||
| 2015-09-19 | 2015-09-19 | Library Block B | 2015-09-19 | AGR | B036 | RUA002315 | Library Block B | AGR KON 2008 B036 Or.4 | |||||||
| 2015-09-19 | 2015-09-19 | Library Block B | 2015-09-19 | AGR | B036 | RUA002243 | Library Block B | AGR KON 2008 B036 Or.5 | |||||||
| 2015-09-19 | 2015-09-19 | Library Block B | 2015-09-19 | AGR | B036 | RUA002171 | Library Block B | AGR KON 2008 B036 Or.6 | |||||||
| 2015-09-19 | 2018-04-03 | Library Block B | 2015-09-19 | AGR | 2018-03-19 | 1 | B036 | RUA002172 | Library Block B | AGR KON 2008 B036 Or.7 | |||||
| 2015-09-19 | 2015-09-19 | Library Block B | 2015-09-19 | AGR | B036 | RUA002453 | Library Block B | AGR KON 2008 B036 Or.8 | |||||||
| 2015-09-19 | 2015-09-19 | Library Block B | 2015-09-19 | AGR | B036 | RUA002381 | Library Block B | AGR KON 2008 B036 Or.9 |